[Event "4th GRENKE Open 2019"]
[Site "Karlsruhe"]
[Date "2019.04.20"]
[Round "5.15"]
[White "Gilevych, Artem"]
[Black "Ter-Sahakyan, Samvel"]
[Result "1/2-1/2"]
[WhiteElo "2423"]
[BlackElo "2601"]
[Annotator "TA"]
[PlyCount "142"]
[EventDate "2019.04.18"]
[EventType "swiss"]
[EventCountry "GER"]
[SourceTitle "playchess.com"]
[Source "ChessBase"]
[SourceQuality "1"]

1. d4 Nf6 2. c4 e6 3. Nf3 Bb4+ 4. Bd2 Be7 5. Nc3 O-O 6. e4 d5 7. exd5 exd5 8. cxd5 Nxd5 9. Bc4 Nb6 10. Bb3 Nc6 11. Be3 Bg4 12. h3 Bh5 13. g4 Bg6 14. Ne5 Nxe5 15. dxe5 c5 16. Qxd8 Rfxd8 17. O-O Bd3 18. Rfc1 Rac8 19. f4 c4 20. Bd1 Nd7 21. Bf3 Nc5 22. Rd1 Bf8 23. Kg2 a6 24. Bxc5 Bxc5 25. Be4 b5 26. Kf3 Rd4 27. Bxd3 cxd3 28. Ne4 Bb6 29. Rac1 Rxc1 30. Rxc1 d2 31. Rd1 Rd3+ 32. Kg2 Be3 33. Kf3 Bd4+ 34. Kg2 Bxb2 35. Rxd2 Rxd2+ 36. Nxd2 Bc1 37. Ne4 Bxf4 38. Nc5 a5 39. Nd3 Bd2 40. Kf3 a4 41. Ke4 b4 42. Nb2 a3 43. Nc4 Bc3 44. Na5 Kf8 45. Kd5 Ke7 46. h4 Kd7 47. h5 Be1 48. Nb3 Bf2 49. Nd2 Be1 50. Nb3 g6 51. Nc5+ Ke7 52. Kc4 Bc3 53. Kd5 Bb2 54. Nb3 gxh5 55. gxh5 f6 56. e6 f5 57. Na5 Bc3 58. Nc6+ Ke8 59. Na5 f4 60. Ke4 Bd2 61. Kd3 Bc1 62. Ke4 Be3 63. Kf3 Bb6 64. Nb3 Bc7 65. Nd4 Be5 66. Nc2 b3 67. axb3 a2 68. Ke4 Ke7 69. b4 Kxe6 70. b5 Kd7 71. b6 Kc8 1/2-1/2

[Event "4th GRENKE Open 2019"]
[Site "Karlsruhe"]
[Date "2019.04.20"]
[Round "5.16"]
[White "Moussard, Jules"]
[Black "Cukrowski, Filip"]
[Result "1/2-1/2"]
[WhiteElo "2598"]
[BlackElo "2421"]
[Annotator "TA"]
[PlyCount "103"]
[EventDate "2019.04.18"]
[EventType "swiss"]
[EventCountry "GER"]
[SourceTitle "playchess.com"]
[Source "ChessBase"]
[SourceQuality "1"]

1. e4 c5 2. Nf3 d6 3. d4 cxd4 4. Qxd4 Nc6 5. Bb5 a6 6. Bxc6+ bxc6 7. c4 e5 8. Qd3 Nf6 9. Nc3 Qc7 10. O-O Be7 11. Bg5 O-O 12. b4 Be6 13. Rfc1 Rfd8 14. Rab1 Qb7 15. Rd1 d5 16. Bxf6 dxe4 17. Qxe4 Bxf6 18. Rxd8+ Rxd8 19. Nxe5 g6 20. Qe3 Bf5 21. Rb2 Qe7 22. Re2 Re8 23. f4 Qxb4 24. h3 Bxe5 25. fxe5 Qxc4 26. Ne4 Bxe4 27. Qxe4 Qxe4 28. Rxe4 Re6 29. Kf2 f6 30. Ra4 c5 31. exf6 Kf7 32. Ra5 Rc6 33. Ke3 c4 34. Kd2 c3+ 35. Kc2 Kxf6 36. a4 Ke6 37. Rg5 Rc4 38. Ra5 Rc6 39. Rg5 Kd6 40. Ra5 h6 41. h4 Ke7 42. h5 g5 43. Re5+ Kf6 44. Rd5 g4 45. g3 Re6 46. Ra5 Re2+ 47. Kd3 c2 48. Rxa6+ Ke5 49. Rc6 Rg2 50. Rc5+ Kd6 51. Rxc2 Rxg3+ 52. Ke4 1/2-1/2

[Event "4th GRENKE Open 2019"]
[Site "Karlsruhe"]
[Date "2019.04.20"]
[Round "5.17"]
[White "Van Foreest, Jorden"]
[Black "Rosner, Jonas"]
[Result "1-0"]
[WhiteElo "2598"]
[BlackElo "2416"]
[Annotator "ChessBase"]
[PlyCount "61"]
[EventDate "2019.04.18"]
[EventType "swiss"]
[EventCountry "GER"]
[SourceTitle "playchess.com"]
[Source "ChessBase"]
[SourceQuality "1"]

1. e4 c6 2. Nf3 d5 3. Nc3 Nf6 4. e5 Ne4 5. a4 e6 6. h4 Nxc3 7. dxc3 c5 8. Bf4 Nc6 9. Qd2 b6 10. Bd3 Bb7 11. O-O Qc7 12. c4 O-O-O 13. cxd5 Rxd5 14. Qe3 Be7 15. Be4 Rd7 16. Rfd1 h6 17. Rxd7 Qxd7 18. Nd2 Rd8 19. Nc4 Qd4 20. Qe2 Nb4 21. Bxb7+ Kxb7 22. Bg3 a6 23. Qf3+ Nc6 24. Nd6+ Bxd6 25. Rd1 Qxd1+ 26. Qxd1 Bxe5 27. Qf3 Bf6 28. a5 b5 29. c4 bxc4 30. Qh5 g6 31. Qf3 1-0

[Event "4th GRENKE Open 2019"]
[Site "Karlsruhe"]
[Date "2019.04.20"]
[Round "5.18"]
[White "Inkiov, Ventzislav"]
[Black "Donchenko, Alexander"]
[Result "1/2-1/2"]
[WhiteElo "2421"]
[BlackElo "2584"]
[Annotator "ChessBase"]
[PlyCount "52"]
[EventDate "2019.04.18"]
[EventType "swiss"]
[EventCountry "GER"]
[SourceTitle "playchess.com"]
[Source "ChessBase"]
[SourceQuality "1"]

1. d4 Nf6 2. c4 c5 3. e3 g6 4. Nc3 Bg7 5. Nf3 O-O 6. Be2 cxd4 7. exd4 d5 8. O-O Nc6 9. Be3 Bf5 10. c5 Ne4 11. Rc1 Nxc5 12. dxc5 d4 13. Nxd4 Nxd4 14. Bc4 Rc8 15. Bd5 e5 16. b4 b6 17. g4 bxc5 18. bxc5 Bd7 19. Bxd4 exd4 20. Ne4 Bxg4 21. Bxf7+ Rxf7 22. Qxg4 Rf5 23. h4 Bf8 24. c6 Be7 25. Ng3 Rf6 26. Rfd1 Rfxc6 1/2-1/2

[Event "4th GRENKE Open 2019"]
[Site "Karlsruhe"]
[Date "2019.04.20"]
[Round "5.19"]
[White "Gokerkan, Cem Kaan"]
[Black "Goganov, Aleksey"]
[Result "1/2-1/2"]
[WhiteElo "2413"]
[BlackElo "2580"]
[Annotator "ChessBase"]
[PlyCount "102"]
[EventDate "2019.04.18"]
[EventType "swiss"]
[EventCountry "GER"]
[SourceTitle "playchess.com"]
[Source "ChessBase"]
[SourceQuality "1"]

1. e4 c5 2. Nf3 d6 3. d4 cxd4 4. Nxd4 Nf6 5. Nc3 a6 6. Bg5 e6 7. f4 Qc7 8. Bxf6 gxf6 9. Qf3 Nc6 10. Nb3 Bd7 11. Bd3 h5 12. O-O-O Be7 13. Rhe1 b5 14. Rd2 Qa7 15. Kb1 Kf8 16. Qe3 h4 17. Qxa7 Rxa7 18. Ne2 Rh5 19. Ned4 Nxd4 20. Nxd4 Bd8 21. Be2 Rh8 22. Rf1 Ke7 23. c4 Rg8 24. cxb5 Rxg2 25. bxa6 Rxa6 26. Bxa6 Rxd2 27. Nf3 Rg2 28. Rg1 h3 29. Bd3 Bb6 30. Rf1 Rg4 31. f5 Bc6 32. Re1 Rf4 33. Nd2 Rf2 34. Re2 Rxe2 35. Bxe2 Be3 36. Kc2 d5 37. Bg4 dxe4 38. Bxh3 Bg1 39. Nf1 e3 40. Ng3 Bxh2 41. Ne2 Be4+ 42. Kd1 Be5 43. Nc3 Bxc3 44. bxc3 exf5 45. Ke2 f4 46. Bg4 Kd6 47. Bh5 Bd5 48. a3 Kc5 49. Bf3 Bxf3+ 50. Kxf3 Kc4 51. a4 Kd3 1/2-1/2

[Event "4th GRENKE Open 2019"]
[Site "Karlsruhe"]
[Date "2019.04.20"]
[Round "5.20"]
[White "Parvanyan, Ashot"]
[Black "Kollars, Dmitrij"]
[Result "1/2-1/2"]
[WhiteElo "2409"]
[BlackElo "2570"]
[Annotator "ChessBase"]
[PlyCount "95"]
[EventDate "2019.04.18"]
[EventType "swiss"]
[EventCountry "GER"]
[SourceTitle "playchess.com"]
[Source "ChessBase"]
[SourceQuality "1"]

1. Nf3 Nf6 2. c4 c6 3. d4 d5 4. Qb3 dxc4 5. Qxc4 Bf5 6. g3 e6 7. Bg2 Be7 8. O-O O-O 9. e3 Nbd7 10. Qe2 Ne4 11. Rd1 Qc7 12. Nfd2 Nxd2 13. Bxd2 e5 14. e4 Bg6 15. dxe5 Bc5 16. Kh1 Qxe5 17. Nc3 Rfe8 18. Bf4 Qe6 19. Rd2 Nf6 20. f3 Nh5 21. Be3 Bxe3 22. Qxe3 f5 23. Rad1 Nf6 24. Rd6 Qe7 25. Qd4 fxe4 26. fxe4 Qe5 27. Qxe5 Rxe5 28. Rd8+ Rxd8 29. Rxd8+ Kf7 30. Rb8 Re7 31. e5 Ng4 32. Nb5 Rxe5 33. Rxb7+ Kf6 34. Bxc6 Re1+ 35. Kg2 Re2+ 36. Kg1 Rxb2 37. Rxa7 Bd3 38. Nc3 Rc2 39. Nd5+ Ke5 40. Nb4 Rc1+ 41. Kg2 Bf1+ 42. Kf3 Nxh2+ 43. Ke3 Re1+ 44. Kd2 Re2+ 45. Kc1 Re1+ 46. Kd2 Re2+ 47. Kc1 Re1+ 48. Kd2 1/2-1/2

[Event "4th GRENKE Open 2019"]
[Site "Karlsruhe"]
[Date "2019.04.20"]
[Round "5.21"]
[White "Gareyev, Timur"]
[Black "Roseneck, Jonas"]
[Result "1/2-1/2"]
[WhiteElo "2560"]
[BlackElo "2407"]
[Annotator "TA"]
[PlyCount "137"]
[EventDate "2019.04.18"]
[EventType "swiss"]
[EventCountry "GER"]
[SourceTitle "playchess.com"]
[Source "ChessBase"]
[SourceQuality "1"]

1. d4 Nf6 2. c4 e6 3. Nf3 d5 4. Nc3 Bb4 5. cxd5 exd5 6. Bg5 h6 7. Qa4+ Nc6 8. Bxf6 Qxf6 9. e3 O-O 10. Be2 Be6 11. a3 Bxc3+ 12. bxc3 Ne7 13. O-O Nc8 14. Ne5 Nd6 15. Bf3 Rfe8 16. Qa5 Qe7 17. Rfc1 c6 18. a4 Bf5 19. c4 f6 20. Nxc6 bxc6 21. cxd5 Be4 22. dxc6 Bxf3 23. gxf3 Qe6 24. Rab1 Nf5 25. Kf1 Nxe3+ 26. fxe3 Qh3+ 27. Kg1 Qxf3 28. Rf1 Qxe3+ 29. Rf2 Qxd4 30. Qb4 Qxb4 31. Rxb4 Re1+ 32. Rf1 Rxf1+ 33. Kxf1 Rc8 34. Rc4 Kf7 35. Rc5 Ke6 36. Kf2 Rc7 37. Ra5 Kd6 38. Ra6 Rxc6 39. Rxa7 Rc7 40. Ra5 Rc3 41. Ra7 g5 42. Rh7 Ra3 43. Rxh6 Ke5 44. Rh8 Kf4 45. Re8 Rxa4 46. Re2 Kg4 47. Kg2 f5 48. h3+ Kf4 49. Rf2+ Ke5 50. Re2+ Re4 51. Ra2 Re3 52. Ra4 Rd3 53. Rb4 Ra3 54. Rc4 Kd5 55. Rb4 Rd3 56. Ra4 Rd4 57. Ra2 Ke5 58. Re2+ Kf6 59. Ra2 Rd3 60. Ra5 f4 61. Ra8 Rg3+ 62. Kh2 g4 63. hxg4 Kg5 64. Rg8+ Kh4 65. Rh8+ Kxg4 66. Rg8+ Kf3 67. Rxg3+ fxg3+ 68. Kh1 g2+ 69. Kg1 1/2-1/2

[Event "4th GRENKE Open 2019"]
[Site "Karlsruhe"]
[Date "2019.04.20"]
[Round "5.22"]
[White "Ertan, Can"]
[Black "Neiksans, Arturs"]
[Result "1/2-1/2"]
[WhiteElo "2404"]
[BlackElo "2559"]
[Annotator "TA"]
[PlyCount "179"]
[EventDate "2019.04.18"]
[EventType "swiss"]
[EventCountry "GER"]
[SourceTitle "playchess.com"]
[Source "ChessBase"]
[SourceQuality "1"]

1. e4 c5 2. Nf3 e6 3. d4 cxd4 4. Nxd4 Nc6 5. Nc3 Qc7 6. Be3 a6 7. Bd3 Nf6 8. O-O Ne5 9. h3 Bc5 10. f4 d6 11. Qe2 Ng6 12. Nb3 Bxe3+ 13. Qxe3 O-O 14. Rae1 b5 15. Nd4 b4 16. Nce2 Qc5 17. Kh1 e5 18. Nf5 Qxe3 19. Nxe3 Bb7 20. fxe5 dxe5 21. Ng3 Rac8 22. Nc4 Rfd8 23. Nf5 Bxe4 24. Nxe5 Bxd3 25. cxd3 Rc2 26. Nc4 Rxd3 27. Nfe3 Rxe3 28. Nxe3 Rxb2 29. Ra1 h5 30. Kg1 Re2 31. Nf5 Ne7 32. Rf2 Re4 33. Nxe7+ Rxe7 34. Rd1 Re5 35. Rc2 a5 36. Rd8+ Kh7 37. Ra8 Ne4 38. Ra7 Rf5 39. Rcc7 Kg6 40. Rc6+ Kh7 41. Kh2 g5 42. Re6 Nc3 43. Rea6 a4 44. Rb6 Nxa2 45. Rxa4 Nc3 46. Raxb4 h4 47. Rb8 Ne2 48. R8b5 Rxb5 49. Rxb5 Kg6 50. Re5 Nf4 51. Kg1 f6 52. Ra5 Nh5 53. Kf2 Nf4 54. Kf3 Nh5 55. Ra4 Ng3 56. Ra5 Nh5 57. Ke4 Nf4 58. Ra2 Nh5 59. Rf2 Ng7 60. Kd5 Nh5 61. Ke6 Nf4+ 62. Kd6 Nh5 63. Ke7 Nf4 64. Rd2 Kg7 65. Ke8 Nh5 66. Rd7+ Kg6 67. Rd6 Nf4 68. Ke7 Kg7 69. Rd2 Kg6 70. Rf2 Nh5 71. Rd2 Nf4 72. Kd6 Kf5 73. Rf2 Kg6 74. Ra2 Nh5 75. Kd5 Nf4+ 76. Ke4 Nh5 77. Kf3 Ng3 78. Ra8 Nh5 79. Rg8+ Kf5 80. Rh8 Kg6 81. Kg4 Ng3 82. Re8 Kf7 83. Rb8 Kg6 84. Ra8 Kg7 85. Ra3 Kg6 86. Ra8 Kg7 87. Ra7+ Kg6 88. Ra8 Kg7 89. Ra7+ Kg6 90. Ra8 1/2-1/2

[Event "4th GRENKE Open 2019"]
[Site "Karlsruhe"]
[Date "2019.04.20"]
[Round "5.23"]
[White "Spyropoulos, Nikolaos"]
[Black "Hakobyan, Aram"]
[Result "1-0"]
[WhiteElo "2400"]
[BlackElo "2554"]
[Annotator "ChessBase"]
[PlyCount "59"]
[EventDate "2019.04.18"]
[EventType "swiss"]
[EventCountry "GER"]
[SourceTitle "playchess.com"]
[Source "ChessBase"]
[SourceQuality "1"]

1. e4 e5 2. Nf3 Nc6 3. Bc4 Bc5 4. O-O d6 5. a4 Nf6 6. d3 a6 7. c3 Ba7 8. Re1 Ng4 9. Re2 Qf6 10. Nbd2 g5 11. d4 exd4 12. e5 dxe5 13. Ne4 Qg6 14. Nexg5 Be6 15. Nxe6 fxe6 16. Bd3 Qf7 17. Bg5 Rg8 18. Qb3 Na5 19. Qc2 h6 20. Bh4 Nc6 21. Be4 Qg7 22. g3 Ne7 23. cxd4 c6 24. Qb3 Nd5 25. Bxd5 cxd5 26. Nxe5 Bxd4 27. Nxg4 Qxg4 28. Rae1 Rg6 29. Qxd5 e5 30. Re4 1-0

[Event "4th GRENKE Open 2019"]
[Site "Karlsruhe"]
[Date "2019.04.20"]
[Round "5.25"]
[White "Lobron, Eric"]
[Black "Domingo Nunez, Alejandro"]
[Result "1/2-1/2"]
[WhiteElo "2508"]
[BlackElo "2396"]
[Annotator "ChessBase"]
[PlyCount "98"]
[EventDate "2019.04.18"]
[EventType "swiss"]
[EventCountry "GER"]
[SourceTitle "playchess.com"]
[Source "ChessBase"]
[SourceQuality "1"]

1. Nf3 Nf6 2. c4 b6 3. d4 e6 4. g3 Bb7 5. Bg2 Be7 6. O-O O-O 7. Nc3 Ne4 8. Nxe4 Bxe4 9. Ne1 Bxg2 10. Nxg2 d5 11. cxd5 Qxd5 12. Nf4 Qb7 13. Be3 Rd8 14. Qb3 Na6 15. Rac1 Rac8 16. Rfd1 c6 17. Nd3 Nc7 18. f3 Ne8 19. Bf2 Bf6 20. Nc5 Qe7 21. Ne4 e5 22. Qa4 exd4 23. Rxc6 Rxc6 24. Qxc6 Be5 25. f4 Bf6 26. Kf1 Qb4 27. Nxf6+ gxf6 28. b3 Qc5 29. Qxc5 bxc5 30. e3 Nd6 31. exd4 Nb5 32. Rd3 Nxd4 33. b4 Rc8 34. bxc5 Nc6 35. Rd6 f5 36. Ke2 Kf8 37. Kd3 Ke7 38. Kc4 Nd8 39. Ra6 Nc6 40. Ra3 Rb8 41. Rb3 Na5+ 42. Kc3 Nxb3 43. axb3 Kd7 44. Kd4 Rxb3 45. Ke5 a5 46. Kxf5 Rd3 47. Ke4 Rd1 48. Bd4 a4 49. Be5 Re1+ 1/2-1/2

[Event "4th GRENKE Open 2019"]
[Site "Karlsruhe"]
[Date "2019.04.20"]
[Round "5.26"]
[White "Baskin, Robert"]
[Black "Malakhatko, Vadim"]
[Result "0-1"]
[WhiteElo "2394"]
[BlackElo "2508"]
[Annotator "ChessBase"]
[PlyCount "64"]
[EventDate "2019.04.18"]
[EventType "swiss"]
[EventCountry "GER"]
[SourceTitle "playchess.com"]
[Source "ChessBase"]
[SourceQuality "1"]

1. e4 e6 2. d4 d5 3. Nd2 c5 4. exd5 Qxd5 5. Ngf3 cxd4 6. Bc4 Qd8 7. O-O Nc6 8. Qe2 a6 9. a4 Qc7 10. Rd1 Be7 11. Nb3 e5 12. Bd5 Bg4 13. Qc4 Bd6 14. Re1 Bxf3 15. gxf3 O-O-O 16. Bxf7 Nf6 17. Bg5 Rdf8 18. Be6+ Kb8 19. Nd2 e4 20. Nxe4 Nxe4 21. Rxe4 Rxf3 22. h3 Bh2+ 23. Kg2 Rxf2+ 24. Kxf2 Qg3+ 25. Ke2 Qg2+ 26. Kd3 Qf3+ 27. Be3 dxe3 28. c3 Rd8+ 29. Kc2 Rd2+ 30. Kb1 Qg2 31. Ra3 Rxb2+ 32. Ka1 Re2 0-1

[Event "4th GRENKE Open 2019"]
[Site "Karlsruhe"]
[Date "2019.04.20"]
[Round "5.28"]
[White "Petkidis, Anthony"]
[Black "Pijpers, Arthur"]
[Result "0-1"]
[WhiteElo "2338"]
[BlackElo "2485"]
[Annotator "TA"]
[PlyCount "77"]
[EventDate "2019.04.18"]
[EventType "swiss"]
[EventCountry "GER"]
[SourceTitle "playchess.com"]
[Source "ChessBase"]
[SourceQuality "1"]

1. e4 c6 2. d4 d5 3. Nd2 dxe4 4. Nxe4 Bf5 5. Ng3 Bg6 6. Nf3 Nd7 7. h4 h6 8. h5 Bh7 9. Bd3 Bxd3 10. Qxd3 e6 11. Bd2 Ngf6 12. O-O-O Be7 13. Kb1 Qb6 14. Ne5 Rd8 15. Nxd7 Rxd7 16. Be3 O-O 17. c3 Rfd8 18. Qc2 c5 19. f3 Nd5 20. Bf2 c4 21. Nf1 Qc6 22. Ne3 b5 23. Nxd5 Rxd5 24. Bh4 Bxh4 25. Rxh4 a5 26. Rhh1 b4 27. Rc1 Rc8 28. g4 Rb5 29. Qe2 a4 30. cxb4 Rxb4 31. Rc3 Qb6 32. Qd2 Rb8 33. Rh2 a3 34. Rxa3 e5 35. Rc3 exd4 36. Rc2 Qa7 37. Qc1 Ra8 38. b3 Rxb3+ 39. Rb2 0-1

[Event "4th GRENKE Open 2019"]
[Site "Karlsruhe"]
[Date "2019.04.20"]
[Round "5.29"]
[White "Euler, Gerd"]
[Black "Sonis, Francesco"]
[Result "0-1"]
[WhiteElo "2292"]
[BlackElo "2467"]
[Annotator "ChessBase"]
[PlyCount "78"]
[EventDate "2019.04.18"]
[EventType "swiss"]
[EventCountry "GER"]
[SourceTitle "playchess.com"]
[Source "ChessBase"]
[SourceQuality "1"]

1. e4 e5 2. Nf3 Nc6 3. d4 exd4 4. Nxd4 Nf6 5. Nxc6 bxc6 6. e5 Qe7 7. Qe2 Nd5 8. c4 Nb6 9. Nc3 Qe6 10. Qe4 g6 11. Bd3 Bb4 12. Bd2 a5 13. O-O O-O 14. Rae1 Ba6 15. Qh4 Be7 16. Bg5 Bxg5 17. Qxg5 f5 18. b3 d6 19. f4 dxe5 20. fxe5 Nd7 21. Re3 Rae8 22. Ne2 Nxe5 23. g4 Qd6 24. gxf5 Qc5 25. Kh1 Nxd3 26. Rxd3 Rxe2 27. Rd8 Ree8 28. Rxe8 Rxe8 29. Qg3 Rf8 30. f6 Qd6 31. Qh3 Rxf6 32. Re1 Rf8 33. c5 Qd5+ 34. Kg1 Qxc5+ 35. Kh1 Qd5+ 36. Kg1 Bc8 37. Re7 Bxh3 38. Rg7+ Kh8 39. Rg8+ Kxg8 0-1

[Event "4th GRENKE Open 2019"]
[Site "Karlsruhe"]
[Date "2019.04.20"]
[Round "5.30"]
[White "Ziegenfuss, Antonia"]
[Black "Petrov, Martin"]
[Result "0-1"]
[WhiteElo "1945"]
[BlackElo "2465"]
[Annotator "ChessBase"]
[PlyCount "54"]
[EventDate "2019.04.18"]
[EventType "swiss"]
[EventCountry "GER"]
[SourceTitle "playchess.com"]
[Source "ChessBase"]
[SourceQuality "1"]

1. d4 Nf6 2. c4 e6 3. Nc3 Bb4 4. f3 d5 5. a3 Bxc3+ 6. bxc3 O-O 7. cxd5 exd5 8. e3 Bf5 9. g4 Nxg4 10. h4 Nf6 11. Bd3 Bxd3 12. Qxd3 c5 13. Ra2 cxd4 14. cxd4 Qa5+ 15. Bd2 Qa6 16. Qf5 Nbd7 17. Ne2 Qe6 18. Qg5 h6 19. Qg2 Qf5 20. Rg1 g6 21. Rb2 Nb6 22. Nf4 Rfe8 23. Kd1 Rac8 24. Bc1 Nc4 25. Rb3 Nxe3+ 26. Bxe3 Rxe3 27. Nxg6 Rd3+ 0-1

[Event "4th GRENKE Open 2019"]
[Site "Karlsruhe"]
[Date "2019.04.20"]
[Round "5.31"]
[White "Banusz, Tamas"]
[Black "Goluch, Piotr"]
[Result "1-0"]
[WhiteElo "2614"]
[BlackElo "2337"]
[Annotator "TA"]
[PlyCount "121"]
[EventDate "2019.04.18"]
[EventType "swiss"]
[EventCountry "GER"]
[SourceTitle "playchess.com"]
[Source "ChessBase"]
[SourceQuality "1"]

1. Nf3 Nf6 2. g3 g6 3. Bg2 Bg7 4. O-O O-O 5. d4 d5 6. c4 c6 7. Qb3 e6 8. Nc3 b6 9. Rd1 Bb7 10. Ne5 Nfd7 11. Nxd7 Nxd7 12. e4 c5 13. exd5 cxd4 14. Ne4 exd5 15. cxd5 h6 16. Nd6 Nc5 17. Nxb7 Nxb7 18. Qb4 Nc5 19. b3 d3 20. Rb1 Re8 21. Be3 Rc8 22. Qd2 Qf6 23. Rbc1 Kh7 24. Rc4 a5 25. Rdc1 Bf8 26. h4 h5 27. Rb1 Bd6 28. Rcc1 Qf5 29. Rc4 Nd7 30. Rbc1 Rxc4 31. Rxc4 Ne5 32. Rf4 Qd7 33. Bd4 Bb4 34. Bc3 Rc8 35. Bxb4 axb4 36. Qe3 Qc7 37. Bf1 f5 38. Bxd3 Qc1+ 39. Qxc1 Rxc1+ 40. Bf1 Ra1 41. Rxb4 Nf3+ 42. Kg2 Ne1+ 43. Kh3 Rxa2 44. Rf4 Rd2 45. Bc4 Nc2 46. Kg2 Ne3+ 47. Kf3 Nxd5 48. Bxd5 Rxd5 49. Ke3 Kg7 50. Rd4 Rb5 51. b4 Kf6 52. Kf4 Re5 53. Rd6+ Re6 54. Rxe6+ Kxe6 55. Kg5 Kf7 56. b5 Kg7 57. f3 Kf7 58. Kh6 f4 59. gxf4 Kf6 60. Kh7 Kf7 61. f5 1-0

[Event "4th GRENKE Open 2019"]
[Site "Karlsruhe"]
[Date "2019.04.20"]
[Round "5.32"]
[White "Bacrot, Etienne"]
[Black "Domingo Nunez, Ruben"]
[Result "1-0"]
[WhiteElo "2683"]
[BlackElo "2354"]
[Annotator "TA"]
[PlyCount "99"]
[EventDate "2019.04.18"]
[EventType "swiss"]
[EventCountry "GER"]
[SourceTitle "playchess.com"]
[Source "ChessBase"]
[SourceQuality "1"]

1. Nf3 Nf6 2. c4 b6 3. b3 Bb7 4. Bb2 e6 5. e3 Be7 6. d4 Ne4 7. Nbd2 f5 8. Nxe4 fxe4 9. Nd2 O-O 10. Qg4 Rf5 11. O-O-O Qf8 12. f3 Rg5 13. Qf4 Qxf4 14. exf4 Rf5 15. Nxe4 Rxf4 16. d5 d6 17. Be2 Nd7 18. Rhe1 e5 19. Kc2 Rh4 20. h3 Nf6 21. Bd3 Bc8 22. Bc1 Nxe4 23. Bxe4 h6 24. Rh1 Bd7 25. Kd3 Rf8 26. Ke2 Bg5 27. g3 Rh5 28. h4 Bxc1 29. Rxc1 g5 30. Bg6 Be8 31. Bxh5 Bxh5 32. g4 Bg6 33. hxg5 hxg5 34. Kf2 Kg7 35. b4 Rf4 36. Kg3 Bd3 37. c5 Bc4 38. cxd6 cxd6 39. Rc3 Bxd5 40. Rd1 Bxa2 41. Rxd6 Rxb4 42. Rc7+ Bf7 43. Re6 a6 44. Rxe5 Kg6 45. Rc6+ Kh7 46. Rxg5 a5 47. Rc7 Kh6 48. Rf5 Bb3 49. Rf6+ Kg5 50. Rd6 1-0

[Event "4th GRENKE Open 2019"]
[Site "Karlsruhe"]
[Date "2019.04.20"]
[Round "5.34"]
[White "Chylewski, Patryk"]
[Black "Bosiocic, Marin"]
[Result "1/2-1/2"]
[WhiteElo "2391"]
[BlackElo "2613"]
[Annotator "TA"]
[PlyCount "78"]
[EventDate "2019.04.18"]
[EventType "swiss"]
[EventCountry "GER"]
[SourceTitle "playchess.com"]
[Source "ChessBase"]
[SourceQuality "1"]

1. d4 Nf6 2. c4 e6 3. Nc3 Bb4 4. Qc2 d5 5. cxd5 exd5 6. Bg5 h6 7. Bxf6 Qxf6 8. a3 Bxc3+ 9. Qxc3 O-O 10. e3 c6 11. Nf3 Be6 12. Ne5 Rc8 13. Be2 b6 14. O-O c5 15. dxc5 bxc5 16. Rac1 a5 17. Nd3 Nd7 18. Qxf6 gxf6 19. Rfd1 Rab8 20. Rd2 c4 21. Nf4 Nc5 22. Rcd1 Ne4 23. Rc2 c3 24. bxc3 Rxc3 25. Bd3 Rxa3 26. Bxe4 dxe4 27. Nxe6 fxe6 28. Rc7 Rd3 29. Rdc1 Ra8 30. g3 a4 31. Re7 a3 32. Rcc7 a2 33. Rg7+ Kf8 34. Rcf7+ Ke8 35. Re7+ Kd8 36. Ref7 a1=Q+ 37. Kg2 Kc8 38. Rc7+ Kd8 39. Rcf7 Ke8 1/2-1/2

[Event "4th GRENKE Open 2019"]
[Site "Karlsruhe"]
[Date "2019.04.20"]
[Round "5.35"]
[White "Tabatabaei, M.amin"]
[Black "Kulon, Klaudia"]
[Result "1-0"]
[WhiteElo "2612"]
[BlackElo "2351"]
[Annotator "TA"]
[PlyCount "77"]
[EventDate "2019.04.18"]
[EventType "swiss"]
[EventCountry "GER"]
[SourceTitle "playchess.com"]
[Source "ChessBase"]
[SourceQuality "1"]

1. e4 e5 2. Nf3 Nc6 3. Bc4 Nf6 4. d3 h6 5. c3 d6 6. h3 g6 7. O-O Bg7 8. Re1 O-O 9. d4 exd4 10. cxd4 Nxe4 11. d5 Na5 12. Rxe4 f5 13. Rd4 Bxd4 14. Qxd4 Nxc4 15. Qxc4 Kh7 16. h4 Rf7 17. Bf4 a6 18. Nc3 b5 19. Qd4 Bb7 20. Qd2 b4 21. Nd1 Qf8 22. Ne3 a5 23. Nd4 Qe7 24. Nf3 Qf8 25. g3 Re7 26. Nd4 Qg8 27. Nc6 Re4 28. Bxh6 Bxc6 29. dxc6 Qh8 30. Bg5 a4 31. Rd1 Qe5 32. Nd5 Re2 33. Qxb4 Rxb2 34. Qc4 Qe2 35. Qxe2 Rxe2 36. Nxc7 Rc8 37. Rxd6 Rc2 38. Rd7+ Kg8 39. Nd5 1-0

[Event "4th GRENKE Open 2019"]
[Site "Karlsruhe"]
[Date "2019.04.20"]
[Round "5.36"]
[White "Zuferi, Enis"]
[Black "Svane, Rasmus"]
[Result "0-1"]
[WhiteElo "2348"]
[BlackElo "2605"]
[Annotator "TA"]
[PlyCount "72"]
[EventDate "2019.04.18"]
[EventType "swiss"]
[EventCountry "GER"]
[SourceTitle "playchess.com"]
[Source "ChessBase"]
[SourceQuality "1"]

1. d4 Nf6 2. Nf3 d5 3. c4 e6 4. Nc3 c6 5. e3 Nbd7 6. Qc2 Bd6 7. Bd3 O-O 8. O-O dxc4 9. Bxc4 e5 10. Rd1 Qe7 11. h3 e4 12. Ng5 Nb6 13. Bb3 Bf5 14. f3 Nbd5 15. Ngxe4 Nxe4 16. Nxe4 Rae8 17. Qf2 Bxe4 18. fxe4 Qxe4 19. Bc2 Qe7 20. e4 Nb4 21. Bb1 c5 22. dxc5 Bxc5 23. Be3 Bxe3 24. Qxe3 Rd8 25. Re1 Qe5 26. Qc3 Qg5 27. h4 Qe7 28. g3 Rc8 29. Qe3 Qe5 30. Qf2 Rc6 31. a3 Rf6 32. Qe3 Rg6 33. Kh2 Qxb2+ 34. Kh3 Qxa1 35. e5 Nd5 36. Bxg6 Nxe3 0-1

[Event "4th GRENKE Open 2019"]
[Site "Karlsruhe"]
[Date "2019.04.20"]
[Round "5.37"]
[White "Pajeken, Jakob Leon"]
[Black "Kozul, Zdenko"]
[Result "0-1"]
[WhiteElo "2342"]
[BlackElo "2589"]
[Annotator "ChessBase"]
[PlyCount "76"]
[EventDate "2019.04.18"]
[EventType "swiss"]
[EventCountry "GER"]
[SourceTitle "playchess.com"]
[Source "ChessBase"]
[SourceQuality "1"]

1. d4 Nf6 2. Nf3 g6 3. g3 d5 4. Bg2 Bg7 5. O-O c6 6. Ne5 O-O 7. c4 Be6 8. Qb3 Qc8 9. cxd5 Bxd5 10. Bxd5 Nxd5 11. e4 Nc7 12. Be3 c5 13. Nf3 cxd4 14. Bxd4 Bxd4 15. Nxd4 Rd8 16. Nf3 Nc6 17. Nc3 Qg4 18. Qxb7 Ne6 19. Nh4 Ned4 20. f3 Qg5 21. Rf2 e6 22. Qa6 Qc5 23. Na4 Qh5 24. Raf1 Nb4 25. Qc4 a5 26. Nb6 Rab8 27. Nd5 exd5 28. Qxd4 dxe4 29. Qxe4 Qc5 30. Kg2 Nxa2 31. Rc2 Qb5 32. Rff2 Nb4 33. Rc7 Nd5 34. Rc1 Re8 35. Qd4 Ne3+ 36. Kh3 Rbd8 37. Qc5 Qd7+ 38. g4 Rc8 0-1

[Event "4th GRENKE Open 2019"]
[Site "Karlsruhe"]
[Date "2019.04.20"]
[Round "5.38"]
[White "Obolentseva, Alexandra"]
[Black "Sumets, Andrey"]
[Result "0-1"]
[WhiteElo "2326"]
[BlackElo "2588"]
[Annotator "ChessBase"]
[PlyCount "122"]
[EventDate "2019.04.18"]
[EventType "swiss"]
[EventCountry "GER"]
[SourceTitle "playchess.com"]
[Source "ChessBase"]
[SourceQuality "1"]

1. d4 Nf6 2. c4 e6 3. g3 d5 4. Bg2 Be7 5. Nf3 O-O 6. O-O c6 7. Qc2 b6 8. Rd1 Bb7 9. Nc3 Nbd7 10. Ne5 Rc8 11. e4 dxc4 12. Nxc4 b5 13. Ne3 Qb6 14. Qb3 Rfd8 15. e5 Ne8 16. a4 a6 17. a5 Qa7 18. f4 Nf8 19. Ne2 c5 20. Nc2 Nc7 21. Qe3 Ng6 22. Qf2 cxd4 23. Ncxd4 Bc5 24. Be3 Nd5 25. Bxd5 Rxd5 26. b4 Bxd4 27. Bxd4 Qa8 28. Bc5 Rcd8 29. Bd6 Ne7 30. Rxd5 Nxd5 31. Rf1 Qc8 32. Rc1 Qd7 33. Qd4 f6 34. Kf2 fxe5 35. fxe5 Qf7+ 36. Ke1 Qf3 37. Kd2 h6 38. Nf4 Nxf4 39. Qxf4 Qd5+ 40. Ke2 Rd7 41. Rf1 Rd8 42. Rc1 Bc6 43. Rc5 Qg2+ 44. Qf2 Qe4+ 45. Qe3 Qg4+ 46. Kf2 Qh3 47. Qf4 Qxh2+ 48. Ke3 Qg1+ 49. Kd3 Qd1+ 50. Qd2 Be4+ 51. Ke3 Qf3+ 52. Kd4 Bf5 53. Rc7 Qxg3 54. Kc5 h5 55. Kb6 h4 56. Rc3 Qg1+ 57. Kc7 Re8 58. Kd7 Qg6 59. Rc7 h3 60. Qf4 Ra8 61. Qh4 Qe8# 0-1